Giamilia: Truyện núi đồi thảo nguyên

Saved in:
Bibliographic Details
Main Author: Chinghiz Aitmatov
Format: Book
Language:Undetermined
Published: Hà Nội Văn Học 1999
Subjects:
Tags: Add Tag
No Tags, Be the first to tag this record!
Institutions: Trung tâm Học liệu Trường Đại học Cần Thơ
LEADER 00523nam a2200169Ia 4500
001 CTU_34445
008 210402s9999 xx 000 0 und d
082 |a 891.743 
082 |b A311 
100 |a Chinghiz Aitmatov 
245 0 |a Giamilia: Truyện núi đồi thảo nguyên 
245 0 |c Chinghiz Aitmatov 
260 |a Hà Nội 
260 |b Văn Học 
260 |c 1999 
650 |a rusian fiction - 20th century,russian literature - 20th century 
980 |a Trung tâm Học liệu Trường Đại học Cần Thơ